000 01221cam a22003737a 4500
003 CHAP
005 20220817044254.0
008 080608s2009 it rn 00010 eng d
010 _a96329
011 _a97301
020 _a9789251061886
035 _a107965
040 _cCHAP
082 _a639.2
_bF41 v.11
110 2 _aFAO
245 1 0 _aResponsible fish trade
_c/by FAO
260 _aRome :
_bFAO,
_c2009
300 _a23 p.
490 0 _aFAO. Orientaciones técnicas para la pesca responsable
_v; 11
590 _aBATCH-UPD
_b10
_c20130110
_lUCH01
_h1302
590 _aBATCH-UPD
_b10
_c20130410
_lUCH01
_h0819
590 _aBATCH-UPD
_b10
_c20130913
_lUCH01
_h1932
590 _aCONVERSION
_b10
_c20130109
_lUCH01
_h1353
650 0 4 _aPesca
_xSistemas de información.
_987412
650 1 4 _aAdministración pecuaria.
_9932
650 1 4 _aComercio internacional.
_925641
650 1 4 _aPesca
_xLeyes.
_987396
650 1 4 _aProductos pesqueros.
_992201
650 1 4 _aProductos pesqueros
_xMercadeo.
_992210
830 0 _aFAO. Orientaciones técnicas para la pesca responsable
_v; 11
_939642
901 _aBK
942 _cLIBRO
949 _a639.2 F41 v.11
_bBC
_cFAO
_d33724002097280
_eFAO1
_gDonaciØn
_h110599
_i107965
_sb
999 _c96329
_d96329